000 00375nam a22001457a 4500
005 20250214094249.0
008 250214b |||||||| |||| 00| 0 eng d
020 _a9788121923996
050 _aHF5686
_b.C8 TUL
100 _aTulsian, P. C.
245 _aPractical costing
260 _aNew Delhi
_bS. Chand and Company Ltd
_cc2008
300 _axvi,18.77p
942 _2lcc
_cBK
_n0
999 _c3848
_d3848